Normal view
MARC view
- DE-COMP-30
Entry Topical Term
001 - CONTROL NUMBER
- control field: 71815
003 - CONTROL NUMBER IDENTIFIER
- control field: NUST
005 - DATE AND TIME OF LATEST TRANSACTION
- control field: 20210628204703.0
008 - FIXED-LENGTH DATA ELEMENTS
- fixed length control field: 210628|| aca||aabn | a|a d
040 ## - CATALOGING SOURCE
- Original cataloging agency: NUST
- Transcribing agency: NUST
150 ## - HEADING--TOPICAL TERM
- Topical term or geographic name entry element: DE-COMP-30
670 ## - SOURCE DATA FOUND
- Source citation: Work cat.: (NUST): FARHEEN, SIDRA, UMMAMAH 71814, PR-SOF-1223-REMOTE ACCESS TO FPGA, 2012
